00977cam a22002775a 4500001001000000003000400010005001700014008004100031020003000072040003600102082002100138100003300159245005900192250004300251260004800294300003300342500002400375504004100399650002800440651001000468653003400478700002000512942000800532999001700540952014200557016604642OSt20160113132044.0140115s2014 enka frbd 001 0 eng d a9781292040899 (paperback) aUkbengcUkdEG-ScBUEdEG-ScBUE04a658.802bMAR2221 aMartin, Diane,d1958-93904110aSustainable marketing / cDiane Martin, John Schouten. a1st ed., Preason New International ed. aHarlow :bPearson Education Limited,c2014. aii, 248 p. :bill. ;c28 cm. aIndex : p. 239-248. aIncludes bibliographical references. 0aGreen marketing.2BUEsh 2BUEsh bBUSADMcJuly2015cJanuary20161 aSchouten, John. 2ddc c20349d20321 00102ddc40708BaccahaMAINbMAINc1STd2015-07-22ePurchaseg352.00h21758l0o658.802 MARp000039624r2025-07-15 00:00:00v440.00yBB